| 000 | 00621cab a2200229 4500 | ||
|---|---|---|---|
| 001 | WB2538-23 | ||
| 008 | 090401t1989 xxu||||| |||| 00| 0 eng d | ||
| 035 | _a(Sirsi) u53015 | ||
| 041 | _aeng | ||
| 245 | _aWhen permission is not required | ||
| 260 | _c1989 | ||
| 350 | _a0 | ||
| 490 |
_aIndependent _v23/9/89 p44 |
||
| 520 | _aDiscussion of what alterations to premises need planning permission . | ||
| 650 | _aPERMITTED DEVELOPMENT | ||
| 650 | _aPLANNING AID FOR LONDON | ||
| 650 | _aRESIDENTIAL | ||
| 650 | _aSATELLITE DISHES | ||
| 690 | _aPLANNING LAW AND PRACTICE | ||
| 942 | _n0 | ||
| 948 | _c04/03/1997 | ||
| 999 |
_c32710 _d32710 |
||